000
00392nam a2200145Ia 4500
008
230718s9999 xx 000 0 und d
041
_a
Eng.
082
_a
364.13
_b
رشی-د
100
_a
رشید احمد گوریجہ
245
0
_a
دستور انگلستان دوران کی
260
_a
Pakistan
_b
پنجاب لاء ایسی شرم
_c
-
300
_a
191
650
_a
Law
999
_c
29236
_d
29236